| 000 | 02032cam a22005414i 4500 | ||
|---|---|---|---|
| 003 | PE-LiUPU | ||
| 005 | 20250731180139.0 | ||
| 008 | 150706s2002 sp a rb 000 0 spa d | ||
| 020 | _a8420010480 | ||
| 020 | _a9788420010489 | ||
| 035 | _a(Sirsi) i9788420010489 | ||
| 040 |
_aPE-LiUPU _bspa _cPE-LiUPU _dPE-LiUPU _erda |
||
| 049 | _aPRUA | ||
| 082 | 0 | 4 |
_a543.2 _bM86 _221 |
| 100 | 1 |
_aMueller-Harvey, Irene, _eautor. |
|
| 245 | 1 | 3 |
_aEl análisis químico en el laboratorio : _bguía básica / _cIrene Mueller-Harvey y R. M. Baker. |
| 264 | 1 |
_aZaragoza : _bAcribia, _c2002. |
|
| 300 |
_a109 páginas : _bilustraciones ; _c24 centímetros |
||
| 336 |
_atext _2rdacontent |
||
| 337 |
_aunmediated _2rdamedia |
||
| 338 |
_avolume _2rdacarrier |
||
| 504 | _aIncluye bibliografía. | ||
| 505 | 0 | _aPreparándose para obtener resultado analíticos útiles -- El plan de muestreo, la toma y la preparación de las muestras -- La planificación del trabajo en el laboratorio -- Los pesos y las medidas -- La digestión y la extracción -- Las determinaciones. | |
| 526 | _aSEG44 | ||
| 526 | _aSEG26 | ||
| 526 | _aP159 | ||
| 526 | _aP155 | ||
| 526 | _aP154 | ||
| 526 | _aP153 | ||
| 526 | _aP150 | ||
| 526 | _aP100 | ||
| 526 | _aP31 | ||
| 526 | _aP30 | ||
| 526 | _aP26 | ||
| 526 | _aP25 | ||
| 526 | _aP24 | ||
| 526 | _aP22 | ||
| 526 | _aP15 | ||
| 526 | _aP10 | ||
| 541 | _g014-0000491; | ||
| 650 | 1 | 4 | _aQuímica analítica. |
| 910 |
_blch _clch _d20090520 |
||
| 942 |
_2ddc _cBOOK |
||
| 949 |
_a543.2 M86 _wDEWEY _c1 _i59601 _lCCODEBUL1 _mBUL _p31.00 _r0 _sY _tBOOK _u2015-7-6 _xINGENIERIA _PP24 _0COMPRA _o.STAFF. Colección Ciencias de la Salud |
||
| 994 |
_aC0 _bPEPRU |
||
| 596 | _a1 | ||
| 999 |
_a543.2 M86 _wDEWEY _c49185 _i59601 _d49185 _e2018-9-24 _f2021-11-3 _g7 _lCCODEBUL1 _mBUL _n1 _p31.00 _q4 _r0 _sY _tBOOK _u2015-7-6 _xSALUD _zP24 _0COMPRA _o.STAFF. Colección Ciencias de la Salud |
||
| 980 |
_81 _gALBERTO SANCHEZ Responsable de Automatización |
||